Mater' Lada božestvennoje rodoslovije slavjan : jazyčeskij panteon

Bibliographic Details
Format: Book
Language:Russian
PhysicalDescription:430 s. ilustr. 18 cm
Published: Moskva Eksmo 2002
ISBN:5699016252
Series:Antologija mudrosti
Subjects:

MARC

LEADER 00000nam a2200000 a 4500
001 vtls001484684
003 SK-MaSNL
005 20260301074105.0
008 171201s2002 ru a g f 00000 rus
020 |a 5699016252  |q (viaz.) 
035 |a SNK000439978 
040 |a SNK  |b slo  |c SNK  |e AACR2 
041 0 |a rus 
043 |a a e------ 
044 |a ru  |c RU 
072 7 |a 25  |x Náboženstvá staroveku  |2 konspekt 
080 |a 929.5  |2 2001 
080 |a 257.2  |2 2001 
080 |a (=1.4=16)  |2 2001 
080 |a 257.7  |2 2001 
080 |a 257.7-14/-16  |2 2001 
080 |a 257.7-14-162.6  |2 2001 
080 |a (048.8)  |2 2001 
245 0 0 |a Mater' Lada  |b božestvennoje rodoslovije slavjan : jazyčeskij panteon 
260 |a Moskva  |b Eksmo  |c 2002 
300 |a 430 s.  |b ilustr.  |c 18 cm 
490 1 |a Antologija mudrosti 
650 0 7 |a slovanské krajiny  |2 SNKPH  |9 396156 
650 0 7 |a bohovia  |2 SNKPH  |9 49839 
650 0 7 |a bohyne  |2 SNKPH  |9 49840 
650 0 7 |a pohanstvo  |2 SNKPH  |9 69956 
650 0 7 |a slovanská mytológia  |2 SNKPH  |9 66207 
650 0 7 |a genealógia  |2 SNKPH  |9 4978 
655 7 |a monografie  |2 SNKPH  |9 70139 
830 0 |a Antologija mudrosti  |9 396157 
919 |a 5-699-01625-2 
999 |c 646178  |d 648108 
952 |t P60, <04>, [BOOK], {604}, -A-  |a SNK  |b SNK  |y VYP  |7 0  |p 17A0457837  |o snkID 97393  |i snk2005/3746  |8 2  |g 7.63  |0 0  |1 0  |4 0  |d 2004-11-03  |l 0  |r 2005-01-02 00:00:00  |w 2026-02-23